Loading...
| Current Events | 1 | 20.00 | 100% | 100% | 0% |
| Fine Arts - Auditory Fine Arts | 7 | 22.86 | 100% | 100% | 29% |
| Fine Arts - Other Fine Arts | 4 | 17.50 | 100% | 50% | 25% |
| Fine Arts - Visual Fine Arts | 8 | 21.25 | 88% | 88% | 38% |
| History - American History | 5 | 10.00 | 100% | 0% | 0% |
| History - European History | 5 | 18.00 | 100% | 60% | 20% |
| History - Other History | 7 | 24.29 | 100% | 86% | 57% |
| History - World History | 5 | 24.00 | 100% | 80% | 60% |
| Literature - American Literature | 8 | 20.00 | 100% | 88% | 13% |
| Literature - British Literature | 5 | 22.00 | 100% | 100% | 20% |
| Literature - European Literature | 4 | 20.00 | 100% | 75% | 25% |
| Literature - World Literature | 7 | 22.86 | 86% | 100% | 43% |
| Mythology | 7 | 18.57 | 100% | 57% | 29% |
| Other Academic | 1 | 20.00 | 100% | 100% | 0% |
| Philosophy | 7 | 17.14 | 100% | 71% | 0% |
| Pop Culture | 2 | 15.00 | 100% | 50% | 0% |
| Religion | 7 | 14.29 | 86% | 43% | 14% |
| Science - Biology | 8 | 15.00 | 100% | 38% | 13% |
| Science - Chemistry | 4 | 17.50 | 100% | 75% | 0% |
| Science - Other Science | 7 | 15.71 | 86% | 57% | 14% |
| Science - Physics | 7 | 15.71 | 100% | 43% | 14% |
| Social Science | 6 | 16.67 | 83% | 67% | 17% |